[Event "EU-Cup 38th"]
[Site "Durres"]
[Date "2023.10.01"]
[Round "1.3"]
[White "Droin, Augustin"]
[Black "Barbaras, Mathieu"]
[Result "1-0"]
[WhiteElo "2468"]
[BlackElo "2205"]
[PlyCount "119"]
[EventDate "2023.10.01"]
[EventType "team-swiss"]
[EventRounds "7"]
[EventCountry "ALB"]
[SourceTitle "EXT 2024"]
[Source "ChessBase"]
[SourceDate "2023.10.10"]
[SourceVersion "1"]
[SourceVersionDate "2023.10.10"]
[SourceQuality "1"]
[WhiteTeam "Chartres"]
[BlackTeam "TSM Schifflange"]
[WhiteTeamCountry "FRA"]
[BlackTeamCountry "LUX"]

1. e4 c5 2. Nf3 Nc6 3. Bb5 e6 4. 0-0 Nge7 5. d4 cxd4 6. Nxd4 Ng6 7. c3 Be7 8. Be3 0-0 9. Nd2 Bg5 10. Qe1 Nxd4 11. cxd4 Bxe3 12. Qxe3 d5 13. e5 Bd7 14. Bd3 Ne7 15. Nb3 Qb6 16. a4 a5 17. Nc5 Bc6 18. Ra3 Qd8 19. Qh3 h6 20. Bb1 b6 21. Nd3 Ng6 22. f4 f5 23. exf6 Qxf6 24. Qe3 Be8 25. g3 Rc8 26. Re1 Bf7 27. Rb3 Rc6 28. Nf2 Rc4 29. Ng4 Qxd4 30. Bxg6 Bxg6 31. Ne5 Be4 32. Nxc4 Qxc4 33. Rc1 Qxa4 34. Rxb6 Qe8 35. Qd4 Qh5 36. Rb7 Rf7 37. Rxf7 Qxf7 38. Qb6 Kh7 39. Re1 Qh5 40. Qf2 Qe8 41. g4 Qg6 42. h3 Qf6 43. Ra1 Qd8 44. Qd2 Qb6+ 45. Kh2 Qb3 46. Rxa5 Qf3 47. Ra3 Qh1+ 48. Kg3 e5 49. f5 Qg1+ 50. Kh4 Qf1 51. Ra7 d4 52. Re7 Bxf5 53. Rf7 Qf3 54. Qh2 d3 55. Rxf5 Qe3 56. Rxe5 Qd4 57. Qd2 Qxe5 58. Qxd3+ Kh8 59. Qc3 Qf4 60. Qc8+ 1-0

[Event "FRA-ch Blitz Online Qual"]
[Site "Europe Echecs INT"]
[Date "2020.05.16"]
[Round "10"]
[White "Barbaras, Mathieu"]
[Black "Jolly, Jean Francois"]
[Result "0-1"]
[WhiteElo "2200"]
[BlackElo "2378"]
[PlyCount "46"]
[EventDate "2020.05.16"]
[EventType "swiss (blitz)"]
[EventRounds "15"]
[EventCountry "FRA"]
[SourceTitle "CBM 196 Extra"]
[Source "ChessBase"]
[SourceDate "2020.07.31"]
[SourceVersion "1"]
[SourceVersionDate "2020.07.31"]
[SourceQuality "1"]

1. d4 Nf6 2. Nf3 d5 3. c4 e6 4. g3 dxc4 5. Bg2 Bb4+ 6. Bd2 c5 7. 0-0 0-0 8. dxc5 Bxc5 9. Ne5 Nc6 10. Nxc4 e5 11. Nc3 Be6 12. Bxc6 bxc6 13. Nxe5 Bh3 14. Bg5 Bxf1 15. Qxf1 Re8 16. Nd3 Bd4 17. Rd1 h6 18. Bf4 Qe7 19. e3 Bb6 20. Be5 Rad8 21. Bxf6 Qxf6 22. Qg2 c5 23. Nf4 Qxc3 0-1

[Event "FRA-ch Blitz Online Qual"]
[Site "Europe Echecs INT"]
[Date "2020.05.16"]
[Round "1"]
[White "Brasseur, Vincent"]
[Black "Barbaras, Mathieu"]
[Result "0-1"]
[WhiteElo "1603"]
[BlackElo "2200"]
[PlyCount "100"]
[EventDate "2020.05.16"]
[EventType "swiss (blitz)"]
[EventRounds "15"]
[EventCountry "FRA"]
[SourceTitle "CBM 196 Extra"]
[Source "ChessBase"]
[SourceDate "2020.07.31"]
[SourceVersion "1"]
[SourceVersionDate "2020.07.31"]
[SourceQuality "1"]

1. e4 c5 2. d4 cxd4 3. Nf3 Nc6 4. Nxd4 e5 5. Nb5 d6 6. N1c3 a6 7. Na3 Be7 8. Nc4 b5 9. Ne3 Nf6 10. f3 0-0 11. Be2 Be6 12. 0-0 Nd4 13. Bd3 Rc8 14. Ne2 Nxe2+ 15. Qxe2 Qc7 16. Bd2 Rfe8 17. a3 Nh5 18. g3 g6 19. Bc3 Bg5 20. Nd5 Bxd5 21. exd5 Qc5+ 22. Kg2 Qxd5 23. Rad1 Qe6 24. Be4 Rb8 25. Bd5 Qe7 26. Rfe1 Nf6 27. Bb3 Bh6 28. Bb4 Rbd8 29. f4 e4 30. Qd2 Bf8 31. Qe3 Qb7 32. h3 d5 33. Qd4 Bxb4 34. axb4 Qe7 35. Rf1 e3 36. Rde1 Qe4+ 37. Qxe4 Rxe4 38. Rf3 d4 39. Kf1 Nh5 40. Ke2 Kg7 41. Kd3 f5 42. c3 dxc3+ 43. Kxc3 Rc8+ 44. Kd3 Rxb4 45. Ke2 Rxb3 46. Rxe3 Rxe3+ 47. Kxe3 Re8+ 48. Kf2 Rxe1 49. Kxe1 Nxg3 50. Kf2 Ne4+ 0-1

[Event "FRA-ch Blitz Online Qual"]
[Site "Europe Echecs INT"]
[Date "2020.05.16"]
[Round "7"]
[White "Dubois, Martine"]
[Black "Barbaras, Mathieu"]
[Result "0-1"]
[WhiteElo "1802"]
[BlackElo "2200"]
[PlyCount "58"]
[EventDate "2020.05.16"]
[EventType "swiss (blitz)"]
[EventRounds "15"]
[EventCountry "FRA"]
[SourceTitle "CBM 196 Extra"]
[Source "ChessBase"]
[SourceDate "2020.07.31"]
[SourceVersion "1"]
[SourceVersionDate "2020.07.31"]
[SourceQuality "1"]

1. e4 c5 2. Nf3 d6 3. d4 cxd4 4. Qxd4 Nf6 5. c4 Nc6 6. Qe3 g6 7. Nc3 Bg7 8. h3 0-0 9. Be2 Nd7 10. 0-0 Nde5 11. Rd1 Nxf3+ 12. Bxf3 f5 13. c5 Ne5 14. cxd6 exd6 15. exf5 Nxf3+ 16. Qxf3 Rxf5 17. Qe2 d5 18. Qb5 d4 19. Qc4+ Kh8 20. Ne2 Qf8 21. Nxd4 Rxf2 22. Be3 Rxb2 23. Rf1 Qe8 24. Rae1 Qg8 25. Qxg8+ Kxg8 26. Bg5 Bxd4+ 27. Kh1 Bf5 28. g4 Bd7 29. Rd1 Bc6+ 0-1

[Event "Nancy Meurthe blitz 17th"]
[Site "Nancy"]
[Date "2019.02.23"]
[Round "5"]
[White "Barbaras, Mathieu"]
[Black "Velten, Paul"]
[Result "0-1"]
[WhiteElo "2208"]
[BlackElo "2504"]
[PlyCount "54"]
[EventDate "2019.02.24"]
[EventType "swiss (blitz)"]
[EventRounds "11"]
[EventCountry "FRA"]
[SourceTitle "CBM 189 Extra"]
[Source "ChessBase"]
[SourceDate "2019.06.03"]
[SourceVersion "1"]
[SourceVersionDate "2019.06.03"]
[SourceQuality "1"]

1. d4 d5 2. Nf3 Nf6 3. c4 dxc4 4. e3 Bg4 5. Bxc4 e6 6. h3 Bh5 7. Nc3 Nc6 8. 0-0 Bd6 9. Re1 0-0 10. Be2 a6 11. Qb3 Qe7 12. Bd2 Rfd8 13. Rac1 Rab8 14. Qc2 Bg6 15. e4 e5 16. d5 Nb4 17. Qb1 Nbxd5 18. Bg5 Nxc3 19. Rxc3 Bb4 20. Bxf6 Qxf6 21. Rxc7 Bxe1 22. Nxe1 Rd4 23. Rc4 Bxe4 24. Qc1 Rxc4 25. Bxc4 g6 26. Qe3 Qf4 27. Qc5 Rd8 0-1

[Event "Paris Oscaro blitz"]
[Site "Paris"]
[Date "2017.09.16"]
[Round "4"]
[White "Barbaras, Mathieu"]
[Black "Rakotomaharo, Fy Antenaina"]
[Result "0-1"]
[WhiteElo "2233"]
[BlackElo "2407"]
[PlyCount "140"]
[EventDate "2017.09.16"]
[EventType "swiss (blitz)"]
[EventRounds "9"]
[EventCountry "FRA"]
[SourceTitle "CBM 180 Extra"]
[Source "ChessBase"]
[SourceDate "2017.10.06"]
[SourceVersion "1"]
[SourceVersionDate "2017.10.06"]
[SourceQuality "1"]

1. d4 Nf6 2. Nf3 g6 3. c4 Bg7 4. g3 0-0 5. Bg2 c6 6. 0-0 d5 7. Qb3 a5 8. cxd5 Nxd5 9. Nc3 Nb6 10. e4 Bg4 11. Rd1 a4 12. Qc2 Na6 13. d5 Nb4 14. Qe2 cxd5 15. a3 Nc6 16. Nxd5 Nxd5 17. exd5 Nd4 18. Rxd4 Bxd4 19. Bg5 Re8 20. Qe4 Bxf3 21. Qxd4 Bxg2 22. Kxg2 f6 23. Bh6 e5 24. Qc4 Qd6 25. Rc1 Red8 26. Kg1 Rd7 27. Rd1 Rc7 28. Qb5 b6 29. h4 Rc5 30. Qb4 Rd8 31. h5 Rxd5 32. Rxd5 Qxd5 33. Qe7 Qd1+ 34. Kg2 Qd5+ 35. Kg1 Qd7 36. Qxf6 Re8 37. hxg6 Qd1+ 38. Kg2 Qd5+ 39. Kg1 Qd7 40. gxh7+ Kxh7 41. Be3 Qe6 42. Qh4+ Kg8 43. Qg5+ Kf7 44. Qh5+ Qg6 45. Qf3+ Kg8 46. Qd5+ Qe6 47. Qe4 Rd8 48. Qb4 Rd6 49. Qxa4 Qd7 50. Qh4 Rd1+ 51. Kh2 Qd5 52. Qg5+ Kf7 53. Qf5+ Ke8 54. Qg6+ Kd7 55. Qg7+ Kc6 56. Qf6+ Qd6 57. Qxd6+ Rxd6 58. f4 Rd3 59. Bc1 e4 60. Kg2 Rd1 61. Be3 Rb1 62. Bd4 Kd5 63. Be5 Rc1 64. g4 Rc2+ 65. Kg3 e3 66. Kf3 e2 67. Kf2 Ke4 68. g5 Kd3 69. f5 Kd2 70. Bf4+ Kd1 0-1

[Event "Paris-ch 92nd"]
[Site "Paris"]
[Date "2017.07.21"]
[Round "8"]
[White "Barbaras, Mathieu"]
[Black "Midonet, Matthieu"]
[Result "1-0"]
[WhiteElo "2237"]
[BlackElo "2255"]
[PlyCount "113"]
[EventDate "2017.07.14"]
[EventType "swiss"]
[EventRounds "9"]
[EventCountry "FRA"]
[SourceTitle "EXT 2018"]
[Source "ChessBase"]
[SourceDate "2017.10.13"]
[SourceVersion "1"]
[SourceVersionDate "2017.10.13"]
[SourceQuality "1"]

1. d4 d5 2. Nf3 Nf6 3. c4 c6 4. Nc3 dxc4 5. a4 a5 6. e4 Bg4 7. Bxc4 e6 8. Bg5 h6 9. Be3 Bb4 10. Qc2 Nbd7 11. Ng1 Qc7 12. f3 Bh5 13. Nge2 Bg6 14. Qb3 Nb6 15. Nf4 Nxc4 16. Qxc4 Bh7 17. Nd3 Be7 18. Rc1 0-0 19. 0-0 Rfd8 20. Rfd1 Rac8 21. Qb3 Qb8 22. Ne2 Nd7 23. g3 Kh8 24. Kg2 Bg8 25. Nef4 Qa8 26. h4 Qa6 27. Rd2 b5 28. Rdc2 b4 29. Rc4 Rc7 30. Qc2 Rdc8 31. Ne5 Nb6 32. Rxc6 Rxc6 33. Nxc6 Qb7 34. d5 Nd7 35. Qd2 Bd8 36. Nxd8 Rxd8 37. dxe6 fxe6 38. Rd1 Bf7 39. Qd6 e5 40. Qe7 Qc8 41. Qxf7 exf4 42. Bd4 Rg8 43. Qxf4 Kh7 44. Rc1 Qe8 45. Rc7 Nf8 46. Qf5+ Kh8 47. Rc8 Qd7 48. Qxd7 Nxd7 49. Rc6 Kh7 50. Rc7 Nf8 51. Re7 h5 52. f4 Ng6 53. Rd7 Nf8 54. Rd8 Ne6 55. Rxg8 Kxg8 56. Bb6 b3 57. f5 1-0

[Event "Paris-ch 92nd"]
[Site "Paris"]
[Date "2017.07.20"]
[Round "7"]
[White "Amdouni, Zoubaier"]
[Black "Barbaras, Mathieu"]
[Result "1/2-1/2"]
[WhiteElo "2309"]
[BlackElo "2237"]
[PlyCount "114"]
[EventDate "2017.07.14"]
[EventType "swiss"]
[EventRounds "9"]
[EventCountry "FRA"]
[SourceTitle "EXT 2018"]
[Source "ChessBase"]
[SourceDate "2017.10.13"]
[SourceVersion "1"]
[SourceVersionDate "2017.10.13"]
[SourceQuality "1"]

1. e4 c5 2. Nf3 d6 3. d4 cxd4 4. Nxd4 Nf6 5. Nc3 a6 6. Bc4 e6 7. Bb3 Nbd7 8. Bg5 Qa5 9. Qd2 Be7 10. 0-0 Nc5 11. Rae1 Qc7 12. f4 h6 13. Qf2 hxg5 14. fxg5 Nxb3 15. cxb3 Qc5 16. gxf6 Bxf6 17. Nf3 Qxf2+ 18. Rxf2 b5 19. Rd2 Be7 20. b4 Bb7 21. Rd4 Rc8 22. Red1 e5 23. R4d3 Rc4 24. b3 Rxb4 25. Re1 0-0 26. g4 Rc8 27. Kf1 a5 28. Nd2 Bg5 29. Ndb1 a4 30. bxa4 bxa4 31. Rxd6 Be7 32. Rd7 Ba6+ 33. Kg1 Bc5+ 34. Kh1 Bd4 35. Nd5 Rxb1 36. Rxb1 Bd3 37. Kg2 Bxe4+ 38. Kg3 Rc2 39. Rf1 f6 40. h4 Rg2+ 41. Kh3 Rxa2 42. Rc1 Bg2+ 43. Kg3 Bf2+ 44. Kh2 Bxh4 45. Rd8+ Kh7 46. Nc3 Rb2 47. Nd1 Re2 48. Nc3 Re1 49. Rxe1 Bxe1 50. Kxg2 Bxc3 51. Ra8 Kg6 52. Rxa4 Kg5 53. Kf3 g6 54. Re4 f5 55. gxf5 gxf5 56. Re3 Bd4 57. Re2 Kf6 1/2-1/2

[Event "Paris-ch 92nd"]
[Site "Paris"]
[Date "2017.07.15"]
[Round "2"]
[White "Barbaras, Mathieu"]
[Black "Ojas, Kulkarni"]
[Result "0-1"]
[WhiteElo "2237"]
[BlackElo "2351"]
[PlyCount "138"]
[EventDate "2017.07.14"]
[EventType "swiss"]
[EventRounds "9"]
[EventCountry "FRA"]
[SourceTitle "EXT 2018"]
[Source "ChessBase"]
[SourceDate "2017.10.13"]
[SourceVersion "1"]
[SourceVersionDate "2017.10.13"]
[SourceQuality "1"]

1. d4 Nf6 2. Nf3 g6 3. c4 Bg7 4. g3 b6 5. Nc3 Bb7 6. Bg2 Ne4 7. Qd3 Nxc3 8. Qxc3 c5 9. Be3 0-0 10. 0-0 d6 11. Qd2 Be4 12. Rfd1 Nd7 13. Rac1 Rc8 14. Bh3 Bxf3 15. exf3 cxd4 16. Bxd4 Bxd4 17. Qxd4 Ne5 18. Bg2 Qc7 19. f4 Nc6 20. Qe3 e6 21. h4 Rfd8 22. h5 Qe7 23. hxg6 hxg6 24. Bxc6 Rxc6 25. f5 gxf5 26. Rd4 Qf6 27. Kg2 Rdc8 28. Rh4 Kf8 29. b3 Ke7 30. Rch1 Rg8 31. Qf3 Rc7 32. Rh7 f4 33. R1h4 fxg3 34. Rf4 gxf2+ 35. Kh3 Rg3+ 36. Qxg3 f1Q+ 37. Rxf1 Qxf1+ 38. Kh2 Qe2+ 39. Kh3 Qf1+ 40. Kh2 Rc5 41. Rh8 Qe2+ 42. Kg1 Qe5 43. Qxe5 dxe5 44. Ra8 Rc7 45. Kf2 f5 46. Ke3 Kf6 47. a4 e4 48. Kf4 e5+ 49. Ke3 Rd7 50. Rf8+ Ke6 51. Re8+ Kf6 52. Rf8+ Kg6 53. Rg8+ Kf7 54. Ra8 a5 55. Rb8 Rd6 56. Rb7+ Kg6 57. Rb8 Rd3+ 58. Ke2 Rxb3 59. c5 Kg5 60. Rxb6 Rc3 61. Rb5 f4 62. Rxa5 f3+ 63. Kd2 Rd3+ 64. Ke1 e3 65. Rb5 Kf4 66. Rb4+ e4 67. Rb1 f2+ 68. Ke2 Rd2+ 69. Kf1 Kf3 0-1

[Event "Aix les Bains op 1st"]
[Site "Aix les Bains"]
[Date "2014.08.10"]
[Round "3"]
[White "Barbaras, Mathieu"]
[Black "David, Pierre Yves"]
[Result "1-0"]
[WhiteElo "2150"]
[BlackElo "1788"]
[PlyCount "65"]
[EventDate "2014.08.10"]
[EventType "swiss"]
[EventRounds "7"]
[EventCountry "FRA"]
[SourceTitle "CBM 161 Extra"]
[Source "ChessBase"]
[SourceDate "2014.08.29"]
[SourceVersion "1"]
[SourceVersionDate "2014.08.29"]
[SourceQuality "1"]

1. d4 Nf6 2. Nf3 d5 3. c4 e6 4. g3 c6 5. Bg2 Bb4+ 6. Bd2 Bxd2+ 7. Nbxd2 0-0 8. 0-0 Re8 9. Qc2 Nbd7 10. e4 dxe4 11. Nxe4 Nxe4 12. Qxe4 Rb8 13. Rad1 Qc7 14. Rfe1 Nf6 15. Qe5 Re7 16. a4 b6 17. Nh4 Ne8 18. Bxc6 Nd6 19. d5 Ba6 20. b3 f6 21. Qe3 e5 22. f4 e4 23. f5 Re5 24. Rf1 Rf8 25. g4 Bc8 26. Rd2 Rf7 27. Qh3 e3 28. Re2 Rfe7 29. Ng6 hxg6 30. fxg6 Nf7 31. Qh7+ Kf8 32. Rxf6 gxf6 33. g7# 1-0

[Event "FRA-chT U20"]
[Site "Limoges"]
[Date "2014.03.16"]
[Round "3"]
[White "Barbaras, Mathieu"]
[Black "Viers, Emmanuel"]
[Result "1-0"]
[WhiteElo "2138"]
[BlackElo "1952"]
[PlyCount "115"]
[EventDate "2014.03.15"]
[EventType "team-match"]
[EventRounds "3"]
[EventCountry "FRA"]
[SourceTitle "EXT 2015"]
[Source "ChessBase"]
[SourceDate "2014.11.20"]
[SourceVersion "1"]
[SourceVersionDate "2014.11.20"]
[SourceQuality "1"]
[WhiteTeam "Bischwiller"]
[BlackTeam "Limoges"]
[WhiteTeamCountry "FRA"]
[BlackTeamCountry "FRA"]

1. d4 d5 2. Nf3 e6 3. c4 Nf6 4. g3 Be7 5. Bg2 0-0 6. 0-0 Nbd7 7. Nbd2 c6 8. Qc2 Qc7 9. e4 dxe4 10. Nxe4 Nxe4 11. Qxe4 Nf6 12. Qe2 c5 13. Bf4 Bd6 14. Bxd6 Qxd6 15. Rfd1 cxd4 16. Rxd4 Qc7 17. Rad1 a5 18. Qe5 Qc6 19. Ng5 Qb6 20. R1d2 a4 21. Rd6 Ra5 22. Qc3 Qc7 23. Ne4 Nxe4 24. Bxe4 Rc5 25. b3 axb3 26. axb3 b5 27. Qd4 bxc4 28. b4 Rb5 29. Rc6 Qe7 30. Rxc4 Bb7 31. Bxb7 Qxb7 32. Qd6 g6 33. Rdd4 Ra8 34. Rd1 Rb8 35. Rb1 Rd5 36. Qf4 Rbd8 37. Qe4 Rd1+ 38. Rxd1 Rxd1+ 39. Kg2 Qxe4+ 40. Rxe4 Rb1 41. Rc4 Kg7 42. h3 Kf6 43. Kf3 Ke5 44. Rc5+ Kd4 45. Rc7 Rb3+ 46. Kg2 f5 47. Rxh7 Rxb4 48. Rh4+ Kc5 49. Rxb4 Kxb4 50. g4 Kc4 51. Kg3 g5 52. gxf5 exf5 53. f4 g4 54. hxg4 fxg4 55. Kxg4 Kd5 56. Kg5 Ke6 57. Kg6 Ke7 58. f5 1-0

[Event "Verbandsliga Sued Baden 1112"]
[Site "Germany"]
[Date "2012.03.04"]
[Round "7.2"]
[White "Habibi, Ali"]
[Black "Barbaras, Mathieu"]
[Result "1-0"]
[WhiteElo "2290"]
[BlackElo "2085"]
[PlyCount "77"]
[EventDate "2011.10.09"]
[EventType "team-tourn"]
[EventRounds "9"]
[EventCountry "GER"]
[SourceTitle "EXT 2013"]
[Source "ChessBase"]
[SourceDate "2012.11.22"]
[SourceVersion "1"]
[SourceVersionDate "2012.11.22"]
[SourceQuality "1"]
[WhiteTeam "Brombach"]
[BlackTeam "Baden-Baden IV"]
[WhiteTeamCountry "GER"]
[BlackTeamCountry "GER"]

1. g3 c5 2. Bg2 Nc6 3. c4 g6 4. e3 Bg7 5. Ne2 e6 6. Nbc3 Nge7 7. Nf4 b6 8. 0-0 d6 9. Rb1 Bb7 10. a3 Qd7 11. d3 0-0 12. Qe2 Ne5 13. e4 N5c6 14. Bd2 Nd4 15. Qd1 Rae8 16. b4 f5 17. Nce2 Nec6 18. Nxd4 Nxd4 19. f3 Rf7 20. Nh3 h6 21. f4 Kh7 22. g4 Rg8 23. Rf2 Re7 24. Kh1 Bh8 25. Be3 Qe8 26. bxc5 dxc5 27. a4 Bc6 28. Ra1 e5 29. Bxd4 cxd4 30. exf5 gxf5 31. g5 e4 32. dxe4 fxe4 33. Qg4 h5 34. Qh4 e3 35. Bxc6 Qxc6+ 36. Rg2 e2 37. g6+ Rxg6 38. Qxh5+ Rh6 39. Ng5+ 1-0

[Event "Verbandsliga Sued Baden 1112"]
[Site "Germany"]
[Date "2012.01.29"]
[Round "5.1"]
[White "Skembris, Spyridon"]
[Black "Barbaras, Mathieu"]
[Result "1-0"]
[WhiteElo "2463"]
[BlackElo "2085"]
[PlyCount "47"]
[EventDate "2011.10.09"]
[EventType "team-tourn"]
[EventRounds "9"]
[EventCountry "GER"]
[SourceTitle "EXT 2013"]
[Source "ChessBase"]
[SourceDate "2012.11.22"]
[SourceVersion "1"]
[SourceVersionDate "2012.11.22"]
[SourceQuality "1"]
[WhiteTeam "Zaehringen"]
[BlackTeam "Baden-Baden IV"]
[WhiteTeamCountry "GER"]
[BlackTeamCountry "GER"]

1. d4 Nf6 2. c4 e6 3. Nf3 b6 4. g3 Ba6 5. Qa4 Bb7 6. Bg2 c5 7. dxc5 Bxc5 8. Nc3 0-0 9. 0-0 Be7 10. Rd1 Na6 11. Be3 Nc5 12. Bxc5 bxc5 13. Ne5 Qb6 14. Nxd7 Nxd7 15. Qxd7 Bxg2 16. Qxe7 Bc6 17. b3 Qb4 18. Rd3 a5 19. Rad1 Rfe8 20. Qc7 Rec8 21. Qxc8+ Rxc8 22. Rd8+ Be8 23. Rxc8 f6 24. Nb5 1-0

[Event "Verbandsliga Sued Baden 1112"]
[Site "Germany"]
[Date "2011.11.27"]
[Round "3.2"]
[White "Barbaras, Mathieu"]
[Black "Zesiger, Horst"]
[Result "1/2-1/2"]
[WhiteElo "2085"]
[BlackElo "2107"]
[PlyCount "135"]
[EventDate "2011.10.09"]
[EventType "team-tourn"]
[EventRounds "9"]
[EventCountry "GER"]
[SourceTitle "EXT 2013"]
[Source "ChessBase"]
[SourceDate "2012.11.22"]
[SourceVersion "1"]
[SourceVersionDate "2012.11.22"]
[SourceQuality "1"]
[WhiteTeam "Baden-Baden IV"]
[BlackTeam "Engen"]
[WhiteTeamCountry "GER"]
[BlackTeamCountry "GER"]

1. e4 e5 2. Nf3 Nf6 3. d4 Nxe4 4. Nxe5 d6 5. Nf3 d5 6. Bd3 Be7 7. 0-0 0-0 8. c4 Bg4 9. Nc3 Nxc3 10. bxc3 c6 11. Bf4 Nd7 12. Rb1 dxc4 13. Bxc4 Nb6 14. Bb3 Bd6 15. Bg3 Qf6 16. Bxd6 Qxd6 17. Re1 Qf6 18. Re3 Rfe8 19. Qe2 Rxe3 20. fxe3 Bxf3 21. Qxf3 Qxf3 22. gxf3 Kf8 23. Kf2 Re8 24. e4 f6 25. Ke3 Re7 26. Kd3 Nd7 27. f4 g6 28. h4 h6 29. Rg1 Rg7 30. Be6 Ke7 31. Bh3 g5 32. e5 Nf8 33. Ke4 Ne6 34. Bxe6 Kxe6 35. f5+ Ke7 36. c4 Rg8 37. d5 cxd5+ 38. cxd5 Rc8 39. hxg5 hxg5 40. Rh1 Rc4+ 41. Kd3 Rh4 42. Rb1 fxe5 43. Rxb7+ Kf6 44. Rxa7 Rd4+ 45. Ke3 Rxd5 46. a4 Kxf5 47. a5 Rb5 48. a6 Rb3+ 49. Kf2 Ke4 50. Rg7 Rb2+ 51. Kf1 Kf3 52. Rf7+ Ke3 53. Rf5 e4 54. Ra5 Rb1+ 55. Kg2 Rb8 56. Rxg5 Rb2+ 57. Kf1 Ra2 58. Rg3+ Kf4 59. Rb3 Rxa6 60. Rc3 Rd6 61. Ke2 Rd4 62. Ke1 Ra4 63. Rb3 e3 64. Rb8 Kf3 65. Rf8+ Rf4 66. Rxf4+ Kxf4 67. Ke2 Ke4 68. Ke1 1/2-1/2

[Event "Verbandsliga Sued Baden 1112"]
[Site "Germany"]
[Date "2011.10.09"]
[Round "1.2"]
[White "Barbaras, Mathieu"]
[Black "Raka, Ramadan"]
[Result "0-1"]
[WhiteElo "2085"]
[BlackElo "2154"]
[PlyCount "94"]
[EventDate "2011.10.09"]
[EventType "team-tourn"]
[EventRounds "9"]
[EventCountry "GER"]
[SourceTitle "EXT 2013"]
[Source "ChessBase"]
[SourceDate "2012.11.22"]
[SourceVersion "1"]
[SourceVersionDate "2012.11.22"]
[SourceQuality "1"]
[WhiteTeam "Baden-Baden IV"]
[BlackTeam "Iffezheim"]
[WhiteTeamCountry "GER"]
[BlackTeamCountry "GER"]

1. e4 e6 2. d4 d5 3. Nc3 Nf6 4. Bg5 Be7 5. e5 Nfd7 6. h4 a6 7. Qg4 h5 8. Qg3 g6 9. Nf3 c5 10. Qf4 Nc6 11. dxc5 Nxc5 12. 0-0-0 b5 13. Nd4 Bb7 14. a3 Rc8 15. Rh3 Qc7 16. Nxc6 Bxc6 17. Be2 Bb7 18. Bxe7 Qxe7 19. Qd4 Nd7 20. Re3 Qc5 21. Rd2 Qxd4 22. Rxd4 Nb6 23. b3 Ke7 24. Kd2 Rc7 25. Nd1 Rhc8 26. c3 Nd7 27. b4 Nb6 28. Nb2 Bc6 29. Bd1 Ra8 30. g3 a5 31. Be2 axb4 32. Rxb4 Rxa3 33. Bxb5 Bxb5 34. Rxb5 Nd7 35. f4 Nc5 36. Nd1 Na4 37. Rd3 Ra2+ 38. Ke3 Nc5 39. Rd4 Ra3 40. Kf3 Ne4 41. Kg2 Nxc3 42. Nxc3 Rcxc3 43. Rb7+ Kf8 44. f5 Rxg3+ 45. Kh2 gxf5 46. Rd2 Rh3+ 47. Kg2 Rag3+ 0-1

[Event "FRA-chT U20 16 GP Basse 1011"]
[Site "France"]
[Date "2011.06.12"]
[Round "9"]
[White "Barbaras, Mathieu"]
[Black "Aflalo, Sophie"]
[Result "1-0"]
[WhiteElo "2043"]
[BlackElo "2039"]
[PlyCount "87"]
[EventDate "2010.06.20"]
[EventType "team-tourn"]
[EventRounds "11"]
[EventCountry "FRA"]
[SourceTitle "EXT 2015"]
[Source "ChessBase"]
[SourceDate "2014.11.20"]
[SourceVersion "1"]
[SourceVersionDate "2014.11.20"]
[SourceQuality "1"]
[WhiteTeam "Bischwiller (U20)"]
[BlackTeam "Paris AECE (U20)"]
[WhiteTeamCountry "FRA"]
[BlackTeamCountry "FRA"]

1. Nf3 Nf6 2. g3 g6 3. Bg2 Bg7 4. 0-0 0-0 5. c4 d6 6. Nc3 e5 7. d3 c6 8. Rb1 Be6 9. b4 a6 10. Qc2 Nbd7 11. Ng5 d5 12. Nxe6 fxe6 13. a4 b5 14. axb5 axb5 15. cxb5 cxb5 16. Nxb5 Qb6 17. Nc3 Rac8 18. Qb3 Kh8 19. Bd2 Ng4 20. e3 d4 21. Na4 Qb5 22. h3 Ngf6 23. Nc5 Nxc5 24. bxc5 Qxb3 25. Rxb3 Rxc5 26. Rb6 Rc2 27. Bb4 Rb2 28. exd4 exd4 29. Re1 Re8 30. Bc6 Rc8 31. Rxe6 Bf8 32. Bc5 Bxc5 33. Rxb2 Ng8 34. Rb7 Ne7 35. Be4 Ng8 36. h4 Rf8 37. h5 Nf6 38. hxg6 hxg6 39. Bxg6 Ng4 40. Re4 Nxf2 41. Rh4+ Kg8 42. Bh7+ Kh8 43. Bf5+ Kg8 44. Be6+ 1-0

[Event "Verbandsliga Sued Baden 1011"]
[Site "Baden"]
[Date "2011.03.13"]
[Round "7.6"]
[White "Barbaras, Mathieu"]
[Black "Berberich, Christoph"]
[Result "1-0"]
[WhiteElo "2015"]
[BlackElo "2092"]
[PlyCount "73"]
[EventDate "2010.10.17"]
[EventType "team-tourn"]
[EventRounds "9"]
[EventCountry "GER"]
[SourceTitle "EXT 2012"]
[Source "ChessBase"]
[SourceDate "2011.11.24"]
[SourceVersion "1"]
[SourceVersionDate "2011.11.24"]
[SourceQuality "1"]
[WhiteTeam "Baden-Baden IV"]
[BlackTeam "Zaehringen"]
[WhiteTeamCountry "GER"]
[BlackTeamCountry "GER"]

1. e4 c5 2. Nf3 Nc6 3. d4 cxd4 4. Nxd4 Nf6 5. Nc3 e5 6. Ndb5 d6 7. Bg5 a6 8. Na3 b5 9. Nd5 Be7 10. Bxf6 Bxf6 11. c4 b4 12. Nc2 Rb8 13. b3 0-0 14. g3 Bg5 15. h4 Bh6 16. Bh3 Be6 17. Kf1 Qd7 18. g4 f6 19. Kg2 a5 20. Qf3 Rb7 21. Rad1 Qf7 22. Rhg1 g6 23. Kh1 Ne7 24. Nde3 Bxe3 25. Nxe3 Rb6 26. Rd3 Nc6 27. Nc2 Qe7 28. Rgd1 Rd8 29. Qe3 Rb7 30. Qd2 Rbd7 31. g5 Bxh3 32. Rxh3 fxg5 33. Qd5+ Qf7 34. Qxc6 Qxf2 35. Qd5+ Rf7 36. Ne3 g4 37. Rf1 1-0

[Event "FRA-chT2 0910"]
[Site "France"]
[Date "2009.11.22"]
[Round "4.7"]
[White "Barbaras, Mathieu"]
[Black "Etienne, Eric"]
[Result "1-0"]
[WhiteElo "1908"]
[BlackElo "2079"]
[PlyCount "67"]
[EventDate "2009.09.27"]
[EventType "team-tourn"]
[EventRounds "11"]
[EventCountry "FRA"]
[SourceTitle "EXT 2011"]
[Source "ChessBase"]
[SourceDate "2010.11.26"]
[SourceVersion "1"]
[SourceVersionDate "2010.11.26"]
[SourceQuality "1"]

1. e4 e6 2. d4 d5 3. Nc3 Nf6 4. Bg5 Bb4 5. e5 h6 6. Bd2 Bxc3 7. bxc3 Ne4 8. Qg4 Kf8 9. Bd3 Nxd2 10. Kxd2 c5 11. h4 c4 12. Bf1 b5 13. Rh3 Bd7 14. Rf3 Qe7 15. Nh3 Rg8 16. Nf4 Ke8 17. Nh5 Qf8 18. Rg3 Kd8 19. Nf6 Rh8 20. Qxg7 Nc6 21. Qxf8+ Rxf8 22. Be2 Ke7 23. Rg7 Rh8 24. Bh5 Be8 25. Nxe8 Kxe8 26. Rxf7 Kd8 27. Ke3 b4 28. Rb1 a5 29. f4 Rg8 30. g4 Rb8 31. Rf6 a4 32. Rxe6 Kd7 33. Rd6+ Kc7 34. Rxc6+ 1-0